000 01083cam a2200217 4500
001 WB@3612-841
008 040708n2004 000 0 eng u
035 _a(Sirsi) u126739
245 _aM6 consultation launced
260 _c2004
490 _aDfT News Release
_v2004/0076 6 July 2004 (11)
520 _a"M6: Giving motorists a choice: a consultation" seeks views on a new option for relieving congestion on the M6. Following on from the success of the new M6 toll north of Birmingham, the development of a tolled dual-lane expressway has been put forward as an alternative to widening the existing M6 between Birmingham and Manchester by one lane each way. The consultation closes on 21 September 2004 and can be viewed at: http://www.dft.gov.uk/stellent/groups/dft_transstr at/documents/page/dft_transstrat_029573.hcsp. http://www.dft.gov.uk/pns/DisplayPN.cgi?pn_id=2004 _0076
590 _aWB
590 _aWB
650 _aTRAFFIC CONGESTION
650 _aM6 TOLL
650 _aMOTORWAYS
650 _aM6
690 _aTRANSPORT AND COMMUNICATION
942 _n0
999 _c117671
_d117671